[Event "Canoa op"]
[Site "Canoa"]
[Date "2024.10.12"]
[Round "3"]
[White "Gomes e Sousa, Nelson Fernando Ar"]
[Black "Oliveira, Carlos Henrique Lop"]
[Result "1-0"]
[WhiteElo "1911"]
[BlackElo "1698"]
[PlyCount "121"]
[EventDate "2024.10.11"]
[EventType "swiss"]
[EventRounds "6"]
[EventCountry "BRA"]
[SourceTitle "CB43_2024"]
[Source "Chessbase"]
[SourceDate "2024.10.23"]
[SourceVersion "1"]
[SourceVersionDate "2024.10.23"]
[SourceQuality "1"]

1. d4 d5 2. Nf3 Nf6 3. g3 e6 4. Bg2 Be7 5. c4 0-0 6. 0-0 dxc4 7. Qa4 c6 8. Qxc4 Nbd7 9. Nc3 Nb6 10. Qb3 Bd7 11. e4 c5 12. Rd1 c4 13. Qc2 Qc8 14. Ne5 Rd8 15. Nxd7 Rxd7 16. h3 Qd8 17. Be3 Rc8 18. Kh2 Bb4 19. f4 Qe7 20. Rac1 Bxc3 21. bxc3 Qa3 22. Rb1 Qa5 23. Bf3 Na4 24. Rb4 b5 25. g4 a6 26. g5 Ne8 27. d5 Rcd8 28. Bd4 exd5 29. e5 Qc7 30. Rxa4 bxa4 31. Qxa4 Rb8 32. Qc2 Qb7 33. Qf2 Qb2 34. Rd2 Qc1 35. Bd1 Rb1 36. Bc2 Qh1+ 37. Kg3 Rf1 38. Qe2 Nc7 39. Qg4 Ne6 40. Rh2 Qxh2+ 41. Kxh2 Rxf4 42. Qd1 Nxd4 43. cxd4 f6 44. Bxh7+ Kxh7 45. Qh5+ Kg8 46. Qe8+ Kh7 47. Qxd7 fxe5 48. Qxd5 Rxd4 49. Qxe5 Rd2+ 50. Kg3 Rd3+ 51. Kf2 Rd2+ 52. Ke1 c3 53. Qxc3 Rd6 54. Qc2+ Kg8 55. Qc8+ Kh7 56. h4 a5 57. Qf5+ Kg8 58. Qxa5 Kh7 59. Qf5+ Kg8 60. h5 Rd8 61. h6 1-0

[Event "Canoa op"]
[Site "Canoa"]
[Date "2024.10.11"]
[Round "2"]
[White "Pinheiro, Iung Alicio"]
[Black "Gomes e Sousa, Nelson Fernando Ar"]
[Result "1-0"]
[WhiteElo "2270"]
[BlackElo "1911"]
[PlyCount "81"]
[EventDate "2024.10.11"]
[EventType "swiss"]
[EventRounds "6"]
[EventCountry "BRA"]
[SourceTitle "CB43_2024"]
[Source "Chessbase"]
[SourceDate "2024.10.23"]
[SourceVersion "1"]
[SourceVersionDate "2024.10.23"]
[SourceQuality "1"]

1. e4 c6 2. d3 e5 3. Nf3 Qe7 4. g3 Nf6 5. Bg2 d6 6. 0-0 g6 7. Nbd2 Bg7 8. a4 a5 9. b3 0-0 10. Ba3 Rd8 11. d4 Qc7 12. dxe5 dxe5 13. Qe2 b5 14. Rfd1 Ba6 15. Qe1 Nbd7 16. Bb2 Re8 17. Bc3 b4 18. Bb2 Rad8 19. Bf1 Bxf1 20. Kxf1 Nb6 21. Qe2 Nfd7 22. Kg2 Nf8 23. c3 c5 24. Qb5 Nc8 25. Nc4 f5 26. Qxa5 Qxa5 27. Nxa5 Rxd1 28. Rxd1 fxe4 29. Ng5 e3 30. cxb4 cxb4 31. fxe3 Nb6 32. Nc6 Nbd7 33. Ne4 Bh6 34. Kf3 Re6 35. Rc1 Nf6 36. Nxf6+ Rxf6+ 37. Ke2 Nd7 38. Nxe5 Re6 39. Nxd7 Rxe3+ 40. Kf2 Rd3 41. Rc8+ 1-0